000 00427pab a2200157 454500
008 180718b2002 xxu||||| |||| 00| 0 eng d
100 _aMohanan, B.
245 _aIndia in the e-world: application of e-tools for governance in comparative perspective
260 _c2002
300 _ap.177-256.
362 _aJul-Sep
650 _aElectronic governance
700 _aSridhar, K.
773 _aISDA Journal
909 _a54123
999 _c54123
_d54123